000 00316nam a22001337a 4500
008 170715b xxu||||| |||| 00| 0 eng d
020 _a9781559347235
041 _aeng
080 _a572
100 _a24
101 _aANT
245 _aUNDERSTANDING AND APPLYING MEDICAL ANTHROPOLOGY
_cBROWN,P.J
942 _2udc
_cBK
999 _c21149
_d21149